| 000 | 00000nas 2200000za 4500 |
| 001 | 9.502628 |
| 003 | CaOODSP |
| 005 | 20231123085001 |
| 007 | cr ||||||||||| |
| 008 | 150406d20072008oncar p o f0 b0fre|d |
| 020 | |z978-0-662-69861-6|z978-0-662-05730-7 |
| 040 | |aCaOODSP|bfre |
| 043 | |an-cn--- |
| 086 | 1 |aFR2-7F-PDF|zIT1-2/2007|zFR2-7/2008 |
| 110 | 1 |aCanada. |bAffaires étrangères et commerce international Canada. |
| 245 | 10|aRapport sur l'accès du Canada aux marchés internationaux |h[ressource électronique]. |
| 246 | 1 |iTitre de renvoi : |aRapport du Canada en matière d'accès aux marchés internationaux |
| 260 | |a[Ottawa] : |bAffaires étrangères et Commerce international, |cc2007-2008. |
| 310 | |aAnnuel |
| 362 | 0 |a2007-2008. |
| 500 | |aPubl. aussi en anglais sous le titre : Canada's international market access report. |
| 691 | 07|aCommerce extérieur|2gcpds |
| 691 | 07|aMarché international|2gcpds |
| 775 | 08|tCanada's international market access report |w(CaOODSP)9.506230 |
| 780 | 00|tOuverture sur le monde, priorités du Canada en matière d'accès aux marchés internationaux |w(CaOODSP)9.503320 |